<?xml version="1.0" encoding="UTF-8"?><?xml-stylesheet type="text/xsl" href="static/style.xsl"?><OAI-PMH xmlns="http://www.openarchives.org/OAI/2.0/" xmlns:xsi="http://www.w3.org/2001/XMLSchema-instance" xsi:schemaLocation="http://www.openarchives.org/OAI/2.0/ http://www.openarchives.org/OAI/2.0/OAI-PMH.xsd"><responseDate>2026-06-01T04:36:18Z</responseDate><request verb="GetRecord" identifier="oai:riuma.uma.es:10630/24787" metadataPrefix="marc">https://riuma.uma.es/rest/oai/request</request><GetRecord><record><header><identifier>oai:riuma.uma.es:10630/24787</identifier><datestamp>2026-02-03T12:27:01Z</datestamp><setSpec>com_10630_2254</setSpec><setSpec>col_10630_37959</setSpec></header><metadata><record xmlns="http://www.loc.gov/MARC21/slim" xmlns:dcterms="http://purl.org/dc/terms/" xmlns:doc="http://www.lyncode.com/xoai" xmlns:xsi="http://www.w3.org/2001/XMLSchema-instance" xsi:schemaLocation="http://www.loc.gov/MARC21/slim http://www.loc.gov/standards/marcxml/schema/MARC21slim.xsd">
   <leader>00925njm 22002777a 4500</leader>
   <datafield ind2=" " ind1=" " tag="042">
      <subfield code="a">dc</subfield>
   </datafield>
   <datafield ind2=" " ind1=" " tag="720">
      <subfield code="a">Santos Izquierdo-Bueno, Fátima</subfield>
      <subfield code="e">author</subfield>
   </datafield>
   <datafield ind2=" " ind1=" " tag="720">
      <subfield code="a">Martínez-Caldentey, María Antonia</subfield>
      <subfield code="e">author</subfield>
   </datafield>
   <datafield ind2=" " ind1=" " tag="720">
      <subfield code="a">Müller, Nora</subfield>
      <subfield code="e">author</subfield>
   </datafield>
   <datafield ind2=" " ind1=" " tag="260">
      <subfield code="c">2022-07-21</subfield>
   </datafield>
   <datafield ind2=" " ind1=" " tag="520">
      <subfield code="a">En el contexto de crisis sociosanitaria global derivada de la COVID-19, la actividad turística se ha visto gravemente perjudicada, debido a la interrupción drástica de la libre movilidad —especialmente en el plano aéreo— así como a la imposibilidad de aglomeraciones de personas. De cara a intentar salvar la temporada turística se ha abogado por potenciar el turismo de interior, mientras que, el turismo de masas de sol y playa, así como el urbano, han caído en picado. Ello ha conllevado a una profundización en la demanda turística de los territorios rurales aledaños a las urbes (Cañada y Murray, 2021; Hiernaux-Nicolas, 2021). El presente estudio investiga la reactivación de la actividad turística en el caso de Mallorca -un destino turístico español maduro- y más concretamente, de la Serra de Tramuntana, la cual fue declarada patrimonio cultural por la UNESCO en el año 2011. El objetivo es relacionar el turismo en entornos rurales/naturales y la desigualdad socioeconómica y así contribuir a la conceptualización del término turistificación en estos entornos durante la pandemia. Aquí, la turistificación se entiende como un proceso de mercantilización de un espacio, en función de las expectativas y gustos de sus visitantes-turistas (Urry, 1990), que facilita las condiciones necesarias para que se produzca el desplazamiento de las clases sociales con menores ingresos (Lorenzen, 2021; Jover &amp; Diaz-Parra, 2019). La metodología utilizada para la caracterización del proceso de turistificación de este entorno rural/ natural se basa en la realización de encuestas y el uso de técnicas de análisis espacial, estadístico y cartográfico. Los resultados derivan del análisis del perfil socioeconómico de los visitantes, sus preferencias turístico-recreativas y percepciones, así como de los índices de presión turística de la Serra de Tramuntana.</subfield>
   </datafield>
   <datafield ind1="8" ind2=" " tag="024">
      <subfield code="a">https://hdl.handle.net/10630/24787</subfield>
   </datafield>
   <datafield tag="653" ind2=" " ind1=" ">
      <subfield code="a">Turismo - Congresos</subfield>
   </datafield>
   <datafield tag="653" ind2=" " ind1=" ">
      <subfield code="a">Turismo rural - Mallorca - Congresos</subfield>
   </datafield>
   <datafield ind2="0" ind1="0" tag="245">
      <subfield code="a">Tourism and social classes in times of crisis. Touristifying the Serra de Tramuntana (Mallorca)</subfield>
   </datafield>
</record>
</metadata></record></GetRecord></OAI-PMH>